000
00332nam a2200157Ia 4500
100
_a
Maxwell/John C
650
_a
General
942
_c
BK
654
_a
thinking for a change
245
_a
Thinking for a change
260
_b
Warner Books
_c
2003
082
_a
658.406
_b
MAX
300
_a
266
546
_a
ENGLISH
999
_c
32048
_d
32048